Windows NT4.0: (Record no. 594914)
[ view plain ]
| 000 -LEADER | |
|---|---|
| fixed length control field | 00755nam a22001457a 4500 |
| 020 ## - INTERNATIONAL STANDARD BOOK NUMBER | |
| International Standard Book Number | 156607987-x |
| 040 ## - CATALOGING SOURCE | |
| Transcribing agency | NUST |
| 082 ## - DEWEY DECIMAL CLASSIFICATION NUMBER | |
| Classification number | 005.4469,KOR |
| 100 ## - MAIN ENTRY--PERSONAL NAME | |
| Personal name | Korzeniowski, Paul |
| 9 (RLIN) | 74899 |
| 245 ## - TITLE STATEMENT | |
| Title | Windows NT4.0: |
| Remainder of title | Microsoft's server and operating system strategy for the future / |
| Statement of responsibility, etc. | Paul, Korzeniowski |
| 260 ## - PUBLICATION, DISTRIBUTION, ETC. | |
| Place of publication, distribution, etc. | USA |
| Name of publisher, distributor, etc. | Computer Technology Research Corp |
| Date of publication, distribution, etc. | 1997 |
| 300 ## - PHYSICAL DESCRIPTION | |
| Extent | 205 p.; |
| 505 ## - FORMATTED CONTENTS NOTE | |
| Formatted contents note | Introduction (Page-1), Development of a corporate Strategy (Page-17), The Client Desktop Challenge (Page-33), Toda's Windows NT Workstation (Page-53), The Local Area Networks Battlefield (Page-75), windows NT Server (PAge-87), Windows NT Sever Add-ons (Page-135), The Internet Challenge (Page-161),Conclusion (Page-191). |
| 942 ## - ADDED ENTRY ELEMENTS (KOHA) | |
| Source of classification or shelving scheme | |
| Koha item type | Book |
| Call number prefix | 005.4469,KOR |
| Withdrawn status | Lost status | Source of classification or shelving scheme | Damaged status | Not for loan | Permanent Location | Current Location | Shelving location | Date acquired | Full call number | Barcode | Date last seen | Price effective from | Koha item type | Public note |
|---|---|---|---|---|---|---|---|---|---|---|---|---|---|---|
| Military College of Signals (MCS) | Military College of Signals (MCS) | General Stacks | 06/05/2023 | 005.4469,KOR | MCS24931 | 06/05/2023 | 06/05/2023 | Book | Almirah No. 81, Shelf No.1 |
